Bahasa di kalangan pekerja wanita kilang : satu kajian kes /
Saved in:
| 主要作者: | |
|---|---|
| 格式: | Thesis 圖書 |
| 語言: | Malay |
| 出版: |
1985.
|
| 主題: | |
| 標簽: |
添加標簽
沒有標簽, 成為第一個標記此記錄!
|
| LEADER | 01384cam a2200325 4500 | ||
|---|---|---|---|
| 001 | u47595 | ||
| 003 | SIRSI | ||
| 008 | 851126s1985 my t 00 may | ||
| 035 | |a AAF-1253 | ||
| 040 | |a UMM | ||
| 043 | |a a-my--- | ||
| 050 | 1 | |a PL5094 | |
| 090 | |a PL5094 |b Nuwhk | ||
| 091 | |a Microfiche 9386 | ||
| 100 | 0 | 0 | |a Nuwairi Haji Khaza'ai. |
| 245 | 1 | 0 | |a Bahasa di kalangan pekerja wanita kilang : |b satu kajian kes / |c oleh Nuwairi bin Haji Khazaai. |
| 260 | |c 1985. | ||
| 300 | |a viii, 241 leaves ; |c 28 cm. | ||
| 500 | |a Also available on microfiche. Kuala Lumpur : Perpustakaan Universiti Malaya, 1985. 5 microfiches : negative ; 11 x 15 cm. | ||
| 502 | |a Dissertation (M.Phil.) -- Institut Pengajian Tinggi, Universiti Malaya, 1985. | ||
| 504 | |a Bibliography: leaves 232-241. | ||
| 650 | 0 | |a Malay language |x Dialects. | |
| 650 | 0 | |a Factory system |z Malaysia | |
| 650 | 0 | |a Women |x Employment |z Malaysia. | |
| 710 | 2 | 0 | |a Universiti Malaya. |b Institut Pengajian Tinggi. |
| 948 | |a 16/03/1991 |b 25/11/2000 | ||
| 596 | |a 1 | ||
| 999 | |a PL5094 NUWHK |w LC |c 1 |i A500004837 |d 25/4/2010 |e 25/4/2010 |l STACKS |m P01UTAMA |n 5 |r Y |s Y |t TESIS |u 23/10/1991 | ||
| 999 | |a PL5094 NUWHK |w LC |c 2 |i A500000064 |d 30/9/2016 |e 30/9/2016 |l STACKS |m P01UTAMA |n 7 |r Y |s Y |t TESIS |u 24/10/1991 | ||
| 999 | |a PL5094 NUWHK |w LC |c 3 |i A011336226 |d 18/6/2012 |e 18/6/2012 |l B_KOM4 |m P01UTAMA |n 97 |r Y |s Y |t TESIS |u 22/1/1992 |o .PUBLIC. BKOM 4 : 42493 | ||
